000 01216nam a22002897a 4500
003 DO-SdBNP
005 20250620143143.0
007 ta
008 210705b 2019 a 00| 0 eng d
020 _a9789945457605
040 _aDO-SdBNP
_bspa
_cBNPHU
082 4 _a 917.293
_bC776s
_222
100 1 _aCooper, Page
_979097
_d 1891-1958.
245 1 0 _aSambumbia :
_bun descubrimiento de la República Dominicana, la Hispaniola Moderna /
_cPage Cooper ; traducción Liza Alba Marra Névola ; ilustraciones Irene Lorentowicz ; cuidado de edición Eleanor Grimaldi Silié.
260 _aSanto Domingo :
_bSociedad Dominicana de Bibliófilos,
_c2019.
300 _a237 p. :
_bil., retrs. ;
_c24 cm.
490 1 _aCultura dominicana. Segunda época
500 _aIncluye referencias bibliográficas y notas al pie de las páginas
590 _aInventariado, 2021 /LP
651 1 4 _aRepública Dominicana
_xDescripciones y viajes
_91651
700 1 _aAlba Marra Névola, Lisa,
_etr.
_979098
700 1 _aGrimaldi Silié, Eleanor,
_eed.
_930245
700 1 _aLorentowicz, Irene,
_eil.
_979099
830 0 _aCultura Dominicana, Segunda época
_91708
910 _aLopérez. Validado. Control de calidad MFF
942 _2ddc
_cLBS1
999 _c50048
_d50048